[Event "World Rapid 2019"]
[Site "Moscow RUS"]
[Date "2019.12.27"]
[Round "10.92"]
[White "Pigusov, Evgeny"]
[Black "Blohberger, Felix"]
[Result "1-0"]
[WhiteTitle "GM"]
[BlackTitle "IM"]
[WhiteElo "2555"]
[BlackElo "2434"]
[WhiteFideId "4100514"]
[BlackFideId "1632051"]
[EventDate "2019.12.26"]

1. Nf3 Nf6 2. c4 g6 3. g3 Bg7 4. Bg2 O-O 5. d4 Nc6 6. O-O d5 7. cxd5 Nxd5 8. e4
Nb6 9. d5 Na5 10. Nc3 c6 11. Bf4 cxd5 12. Nxd5 Nxd5 13. exd5 Nc4 14. b3 Nd6 15.
Be5 Bg4 16. Bxg7 Bxf3 17. Qxf3 Kxg7 18. Rfe1 Re8 19. Bh3 Qa5 20. Re2 Rad8 21.
Rae1 Kg8 22. Bg4 Qb4 23. h4 Nb5 24. Re5 Nc7 25. R1e2 Nxd5 26. Rxd5 Rxd5 27. Qxd5
Qxg4 28. Re4 Qc8 29. Rc4 Qa8 30. Rc7 a5 31. Qxb7 Qxb7 32. Rxb7 a4 33. b4 a3 34.
b5 e6 35. b6 Kg7 36. Ra7 Rb8 37. Ra6 Kf6 38. Kf1 Ke5 39. Ke2 h5 40. Kd3 Kd5 41.
Kc3 Kc5 42. Kb3 f5 43. Kxa3 Kb5 44. Ra4 1-0

[Event "World Rapid 2019"]
[Site "Moscow RUS"]
[Date "2019.12.27"]
[Round "10.93"]
[White "Lobanov, Sergei"]
[Black "Gurvich, Vitaly"]
[Result "1-0"]
[WhiteTitle "IM"]
[BlackTitle "FM"]
[WhiteElo "2504"]
[BlackElo "2230"]
[WhiteFideId "24183750"]
[BlackFideId "24164852"]
[EventDate "2019.12.26"]

1. e4 c6 2. d4 d5 3. e5 Bf5 4. Nf3 e6 5. Be2 c5 6. Be3 Qb6 7. Nc3 Nc6 8. O-O
Qxb2 9. Qe1 cxd4 10. Bxd4 Nxd4 11. Nxd4 Bb4 12. Ndb5 Bxc3 13. Nxc3 Nh6 14. Rb1
Qxc2 15. Bb5+ Kf8 16. Qe3 Bg4 17. Rfc1 Qg6 18. Qc5+ Kg8 19. Ne4 f6 20. Qc8+ Rxc8
21. Rxc8+ Kf7 22. Rxh8 Ng8 23. Bd3 dxe4 24. Rxb7+ Ne7 25. Bb5 fxe5 26. Be8+ Kf6
27. Rf8+ Kg5 28. Bxg6 Nxg6 29. Rxg7 Kh6 30. Rff7 1-0

[Event "World Rapid 2019"]
[Site "Moscow RUS"]
[Date "2019.12.27"]
[Round "10.94"]
[White "Mamatov, Melis"]
[Black "Afanasiev, Nikita"]
[Result "1-0"]
[BlackTitle "IM"]
[WhiteElo "2292"]
[BlackElo "2517"]
[WhiteFideId "13800027"]
[BlackFideId "24183555"]
[EventDate "2019.12.26"]

1. e4 d6 2. d4 Nf6 3. Nc3 e5 4. dxe5 dxe5 5. Qxd8+ Kxd8 6. Bc4 Ke8 7. Bd2 a6 8.
Nd5 Bd6 9. Nxf6+ gxf6 10. Nf3 Nd7 11. Nh4 Nc5 12. f3 Be6 13. Be2 Ke7 14. O-O-O
h5 15. h3 Nd7 16. g4 Bc5 17. Kb1 Rh7 18. g5 Rg8 19. f4 exf4 20. gxf6+ Nxf6 21.
Bxf4 c6 22. Bd3 Rhg7 23. Nf5+ Bxf5 24. exf5 Rg1 25. Rhxg1 Bxg1 26. h4 Bd4 27.
Bg5 Be5 28. Be2 Rh8 29. Bf3 Ke8 30. c4 Nd7 31. Re1 Kf8 32. Rd1 Ke8 33. Re1 Rh7
34. f6 Kd8 35. Be4 Rh8 36. Bf5 Bxf6 37. Rd1 Bxg5 38. Rxd7+ Ke8 39. hxg5 Rg8 40.
Rxb7 Rxg5 41. Bd7+ Kf8 42. Bxc6 h4 43. Rb3 f5 44. Rh3 Rg4 45. c5 Ke7 46. Bb7 f4
47. Bxa6 Rg6 48. Bd3 Rh6 49. c6 Kd6 50. Be4 Re6 51. Bf3 Re3 52. Kc2 Kc7 53. Kd2
Kb6 54. Bg4 Rg3 55. Rxg3 fxg3 56. Ke2 1-0

[Event "World Rapid 2019"]
[Site "Moscow RUS"]
[Date "2019.12.27"]
[Round "10.95"]
[White "Glek, Igor"]
[Black "Tengis, Tsog-Ochir"]
[Result "1/2-1/2"]
[WhiteTitle "GM"]
[BlackTitle "FM"]
[WhiteElo "2467"]
[BlackElo "2190"]
[WhiteFideId "4100484"]
[BlackFideId "4902718"]
[EventDate "2019.12.26"]

1. e4 e5 2. Nf3 Nc6 3. Nc3 Nf6 4. g3 d5 5. exd5 Nxd5 6. Bg2 Nxc3 7. bxc3 Bc5 8.
O-O O-O 9. d3 Re8 10. Ng5 Bf5 11. Qf3 Qd7 12. h3 h6 13. g4 Bxg4 14. Qxg4 Qxg4
15. hxg4 hxg5 16. Bxg5 Rab8 17. Rab1 Bb6 18. Be4 f6 19. Be3 Kf7 20. Kg2 Ne7 21.
Rh1 Ke6 22. c4 Bxe3 23. fxe3 b6 24. Rh7 g6 25. Rbh1 b5 26. c5 b4 27. Kf3 c6 28.
d4 Rbd8 29. Bd3 Kd5 30. Rd1 f5 31. gxf5 gxf5 32. Be2 Ng8 33. Rxa7 exd4 34. Rxd4+
Kxc5 35. Ra5+ Kb6 36. Ra6+ Kc7 37. Rxb4 Nf6 38. Rc4 Rd6 39. Bd3 Nd5 40. e4 fxe4+
41. Rxe4 Rf6+ 42. Kg3 Ref8 43. Rh4 Ne3 44. Be4 Rg8+ 45. Kh3 Kb7 46. Ra3 Nd1 47.
Rb3+ Kc7 48. Bf3 Nf2+ 49. Kh2 Rg7 50. a4 Rd6 51. Re3 Kb6 52. Rh5 Ng4+ 53. Bxg4
Rxg4 54. a5+ Ka6 55. Rc3 Rdg6 56. Kh3 Rg1 57. Kh2 R1g4 58. Rhc5 Rh4+ 59. Rh3
Rhg4 60. Rhc3 Rh4+ 61. Rh3 Rhg4 62. Rhc3 1/2-1/2

[Event "World Rapid 2019"]
[Site "Moscow RUS"]
[Date "2019.12.27"]
[Round "10.96"]
[White "Gutenev, Alexander"]
[Black "Krsnik Cohar, Ivan Vihor"]
[Result "0-1"]
[WhiteTitle "IM"]
[BlackTitle "FM"]
[WhiteElo "2469"]
[BlackElo "2313"]
[WhiteFideId "4195540"]
[BlackFideId "14520044"]
[EventDate "2019.12.26"]

1. e4 c6 2. d4 d5 3. Nd2 dxe4 4. Nxe4 Nf6 5. Nxf6+ exf6 6. c3 Bd6 7. Bd3 O-O 8.
Qc2 g6 9. Be3 Re8 10. O-O-O Be6 11. Kb1 Qa5 12. c4 b5 13. Bd2 Qa6 14. d5 cxd5
15. c5 Be7 16. Ne2 Nd7 17. c6 Ne5 18. Nd4 Rac8 19. Bxb5 Qb6 20. Bc3 Nxc6 21.
Bxc6 Rxc6 22. Nxc6 Qxc6 23. Ka1 d4 24. Rxd4 Qxg2 25. Rhd1 Qxh2 26. Qa4 Rc8 27.
Rf4 g5 28. Rf3 Qg2 29. Rxf6 Bxf6 30. Bxf6 Qg4 31. Qxg4 Bxg4 32. Rg1 h6 33. f4
Kh7 34. b4 Kg6 35. Bxg5 h5 36. Kb2 f6 37. Bh4 Rc4 38. Kb3 Rxf4 39. b5 Kf7 40.
Be1 Be6+ 41. Kb2 h4 42. Rh1 h3 43. Rh2 Kg6 44. a3 Kh5 45. Bf2 Ra4 46. Bc5 Ra5
47. Kc2 a6 48. Bd4 axb5 49. Bxf6 Rxa3 50. Bb2 Rg3 51. Rh1 Bd5 52. Re1 h2 53. Be5
Rg1 0-1

[Event "World Rapid 2019"]
[Site "Moscow RUS"]
[Date "2019.12.27"]
[Round "10.97"]
[White "Usov, Aleksandr E."]
[Black "Makoveev, Ilya"]
[Result "0-1"]
[BlackTitle "FM"]
[WhiteElo "2012"]
[BlackElo "2277"]
[WhiteFideId "24257109"]
[BlackFideId "34155748"]
[EventDate "2019.12.26"]

1. e4 c5 2. Nf3 d6 3. Bb5+ Nd7 4. O-O a6 5. Bc4 Ngf6 6. Bxf7+ Kxf7 7. Ng5+ Kg8
8. f4 Nb6 9. c3 h6 10. Nf3 Nxe4 11. Re1 Nf6 12. d4 Bg4 13. Be3 Nbd5 14. Bd2 cxd4
15. cxd4 Qb6 16. Bc3 g6 17. h3 Bxf3 18. Qxf3 Bg7 19. Nd2 Kh7 20. f5 g5 21. Ne4
Rae8 22. Nxf6+ Nxf6 23. Re6 Qc6 24. Qd3 Qb5 25. Qf3 Rhf8 26. Rae1 Nd5 27. Qh5
Nf4 28. Qg4 Nxe6 29. fxe6 Qf5 30. Qe2 d5 31. Kh2 Qg6 32. a4 Rf4 33. a5 Re4 34.
Qd1 Qxe6 35. Rf1 Rf8 36. Rxf8 Bxf8 37. Qb3 Bg7 38. Qxb7 Bxd4 39. Bxd4 Qd6+ 40.
Kg1 Rxd4 41. Qb3 Qc5 42. Kh2 Qc7+ 43. Kg1 Qc1+ 44. Kh2 Qf4+ 45. Kg1 Rc4 46. Qd3+
Kg7 47. g3 Qc1+ 48. Kf2 Qxb2+ 49. Kf3 Rc3 50. Kg4 Rxd3 51. h4 Qe2+ 52. Kf5 Qe4# 0-1

[Event "World Rapid 2019"]
[Site "Moscow RUS"]
[Date "2019.12.27"]
[Round "10.98"]
[White "Lam, Daniel King Wai"]
[Black "Novikov, Stanislav"]
[Result "0-1"]
[WhiteTitle "FM"]
[BlackTitle "GM"]
[WhiteElo "2110"]
[BlackElo "2531"]
[WhiteFideId "6001238"]
[BlackFideId "4125371"]
[EventDate "2019.12.26"]

1. e4 g6 2. d4 Bg7 3. Nf3 c6 4. c4 d6 5. h3 Nf6 6. Nc3 O-O 7. Be2 Na6 8. O-O e5
9. d5 Nc5 10. Qc2 a5 11. Be3 Na6 12. dxc6 bxc6 13. c5 d5 14. Nxe5 Nb4 15. Qa4
Qe8 16. Nd3 Ba6 17. Nxb4 axb4 18. Qxb4 Rb8 19. Qa3 Bxe2 20. Nxe2 Nxe4 21. Rab1
Ra8 22. Qb3 Qe7 23. a3 Rfd8 24. Rfd1 Rdb8 25. Qc2 Rb5 26. Nd4 Qxc5 27. Qxc5 Rxc5
28. Rbc1 Rxc1 29. Rxc1 c5 30. Nb3 Bxb2 31. Rb1 Bxa3 32. f3 Nc3 33. Ra1 d4 34.
Bd2 Ra4 35. Nxc5 Bxc5 0-1

[Event "World Rapid 2019"]
[Site "Moscow RUS"]
[Date "2019.12.27"]
[Round "10.99"]
[White "Guimaraes, Diogo Duarte"]
[Black "Al Thebaiti, Ahmed M"]
[Result "1-0"]
[WhiteTitle "FM"]
[BlackTitle "CM"]
[WhiteElo "2322"]
[BlackElo "1976"]
[WhiteFideId "2112450"]
[BlackFideId "21502390"]
[EventDate "2019.12.26"]

1. e4 e5 2. Nf3 Nc6 3. Bc4 Bc5 4. O-O Nf6 5. d4 Bxd4 6. Nxd4 Nxd4 7. Bg5 d6 8.
f4 Qe7 9. Nc3 c6 10. fxe5 dxe5 11. Kh1 Bd7 12. Ne2 Bg4 13. c3 Nxe2 14. Bxe2 Bxe2
15. Qxe2 h6 16. Bxf6 gxf6 17. Qg4 Qd7 18. Qg7 O-O-O 19. Qxf6 Qd2 20. Rf2 Qe3 21.
Qf5+ Kb8 22. Qxe5+ Ka8 23. Rxf7 Qe2 24. Rd7 Rdf8 25. Rg1 Rhg8 26. Rg7 Qxb2 27.
a4 a6 28. h3 Rd8 29. Rxg8 Rxg8 30. Qd4 Qe2 31. Qf6 Qxe4 32. Qxh6 Qd5 33. Qe3 Rh8
34. Rf1 c5 35. Rf6 Ka7 36. Qf3 Qd2 37. Rf7 Qe1+ 38. Kh2 Qe5+ 39. Qg3 Qe6 40. Qc7
Qd5 41. Rd7 Qe4 42. Qxc5+ Ka8 43. Qd4 Qe8 44. Qd5 Qc8 45. c4 Ka7 46. Rxb7+ Qxb7
47. Qd4+ 1-0

[Event "World Rapid 2019"]
[Site "Moscow RUS"]
[Date "2019.12.27"]
[Round "10.100"]
[White "Al Nhier, Hamoud"]
[Black "Mikhailovsky, Vladimir"]
[Result "0-1"]
[WhiteTitle "FM"]
[BlackTitle "CM"]
[WhiteElo "1934"]
[BlackElo "2209"]
[WhiteFideId "21500045"]
[BlackFideId "34105414"]
[EventDate "2019.12.26"]

1. c4 e5 2. g3 g6 3. h4 Bg7 4. h5 Nc6 5. Nc3 d6 6. d3 gxh5 7. Rxh5 Nf6 8. Rh1
Bg4 9. Bh6 Bxh6 10. Rxh6 Nd4 11. Bg2 c6 12. Qd2 Qe7 13. Rh1 h5 14. e3 Ne6 15.
Nge2 Ng5 16. O-O-O Nf3 17. Qc2 a6 18. d4 e4 19. Nf4 b5 20. Bh3 Bxh3 21. Rxh3
bxc4 22. d5 c5 23. Qa4+ Qd7 24. Qxc4 Ne5 25. Qa4 Qxa4 26. Nxa4 Ke7 27. Nc3 Rab8
28. Rdh1 c4 29. Rh4 Rb4 30. Nd1 Nd3+ 31. Nxd3 cxd3 32. f3 Rc8+ 33. Kb1 d2 34.
Nf2 Rbc4 35. a3 Rc1+ 36. Ka2 Rxh1 37. Rxh1 Rc1 38. Rd1 Rxd1 39. Nxd1 exf3 40.
Kb3 Ne4 0-1

[Event "World Rapid 2019"]
[Site "Moscow RUS"]
[Date "2019.12.27"]
[Round "10.101"]
[White "Masrahi, Abdulrahman A"]
[Black "Miranda Neto, Jayme Amorim"]
[Result "0-1"]
[WhiteTitle "CM"]
[BlackTitle "CM"]
[WhiteElo "1956"]
[BlackElo "2102"]
[WhiteFideId "21501564"]
[BlackFideId "2115964"]
[EventDate "2019.12.26"]

1. d4 Nf6 2. Nf3 e6 3. g3 d5 4. Bg2 Be7 5. O-O O-O 6. c4 c6 7. Nc3 Nbd7 8. Qb3
b6 9. Bf4 Ba6 10. cxd5 cxd5 11. Qa4 Bc4 12. Rfd1 b5 13. Qc2 b4 14. b3 Rc8 15.
bxc4 Rxc4 16. Bd2 bxc3 17. Be1 Ba3 18. Ne5 Nxe5 19. dxe5 Nd7 20. e4 Nb6 21. exd5
exd5 22. Bf1 Rc7 23. Rd4 g6 24. Bd3 Bc5 25. Qxc3 Qe7 26. Qb2 Nc4 27. Bxc4 Bxd4
28. Qxd4 dxc4 29. Bc3 Rd8 30. Qe4 Qe6 31. Ba5 Rdc8 32. Bxc7 Rxc7 33. Rc1 c3 34.
Rc2 Qb6 35. Kg2 Kf8 36. Qd5 Rc5 37. Qd4 Qc6+ 38. f3 Ke7 39. Kf2 Ke6 40. Ke3
Rxe5+ 41. Kf2 Qc5 42. Qxc5 Rxc5 43. Ke3 f5 44. f4 Kd5 45. Kd3 h5 46. Re2 c2 47.
Re5+ Kd6 48. Rxc5 Kxc5 49. Kxc2 Kc4 50. h3 h4 51. gxh4 Kd4 52. h5 gxh5 53. Kd2
Ke4 54. Ke2 Kxf4 55. Kf2 h4 0-1

[Event "World Rapid 2019"]
[Site "Moscow RUS"]
[Date "2019.12.27"]
[Round "10.102"]
[White "Al Ghamdi, Ahmed M"]
[Black "Al Mutairi, Hassan S"]
[Result "1/2-1/2"]
[WhiteTitle "CM"]
[BlackTitle "CM"]
[WhiteElo "2107"]
[BlackElo "1883"]
[WhiteFideId "21500150"]
[BlackFideId "21500193"]
[EventDate "2019.12.26"]

1. e4 c6 2. d4 d6 3. Nc3 Nf6 4. Nf3 Qa5 5. Bd3 e5 6. O-O Be7 7. Bd2 Qc7 8. h3
Nbd7 9. Re1 O-O 10. a4 Re8 11. dxe5 dxe5 12. Bc4 h6 13. a5 Rb8 14. Be3 b5 15.
axb6 axb6 16. Qc1 Bf8 17. Bb3 Nc5 1/2-1/2

[Event "World Rapid 2019"]
[Site "Moscow RUS"]
[Date "2019.12.28"]
[Round "11.4"]
[White "Le, Quang Liem"]
[Black "Aronian, Levon"]
[Result "0-1"]
[WhiteTitle "GM"]
[BlackTitle "GM"]
[WhiteElo "2713"]
[BlackElo "2775"]
[WhiteFideId "12401137"]
[BlackFideId "13300474"]
[EventDate "2019.12.26"]

1. d4 Nf6 2. c4 e6 3. Nf3 d5 4. g3 Be7 5. Bg2 O-O 6. O-O dxc4 7. Qc2 a6 8. a4
Bd7 9. Qxc4 Bc6 10. Bg5 Nbd7 11. Nc3 h6 12. Bxf6 Nxf6 13. Rfd1 Qd6 14. Qd3 Rfd8
15. e4 Qb4 16. Qc2 Rac8 17. Rd2 Qb6 18. Rad1 Bb4 19. Ne5 Be8 20. Nc4 Qa7 21. Ne3
c6 22. h4 b5 23. Qb3 c5 24. axb5 axb5 25. d5 Qe7 26. d6 Qa7 27. e5 Nd7 28. f4
Qa5 29. Nc2 Bxc3 30. Qxc3 b4 31. Qe3 Nb6 32. Ra1 Qb5 33. Qe2 Nc4 34. Rdd1 Nxb2
35. Qxb5 Bxb5 36. Rdb1 Na4 37. Na3 Bd3 38. Rb3 Nc3 39. Rxc3 bxc3 40. Rc1 f6 41.
Rxc3 c4 42. Bh3 Kf7 43. Bf1 fxe5 44. fxe5 Rc5 45. Nxc4 Bxc4 46. Bxc4 Rxe5 47.
Rd3 Kf6 48. Bb3 Re4 49. Bc2 Ke5 50. d7 Rd4 51. Rxd4 Kxd4 52. Ba4 Kc5 53. Kf2 Kd6
54. Ke3 Rxd7 55. Bxd7 Kxd7 56. Ke4 Kd6 57. h5 Ke7 58. Ke5 Kf7 59. g4 Ke7 60. Ke4
Kf6 0-1

[Event "World Rapid 2019"]
[Site "Moscow RUS"]
[Date "2019.12.28"]
[Round "11.7"]
[White "Andreikin, Dmitry"]
[Black "Nepomniachtchi, Ian"]
[Result "1/2-1/2"]
[WhiteTitle "GM"]
[BlackTitle "GM"]
[WhiteElo "2724"]
[BlackElo "2767"]
[WhiteFideId "4158814"]
[BlackFideId "4168119"]
[EventDate "2019.12.26"]

1. Nf3 c5 2. c4 Nc6 3. d4 cxd4 4. Nxd4 Nf6 5. Nc3 e6 6. e3 Be7 7. Be2 O-O 8. O-O
b6 9. b3 Bb7 10. Bb2 Rc8 11. Bf3 Qc7 12. Rc1 Rfd8 13. Nd5 exd5 14. cxd5 Bd6 15.
Nf5 Bxh2+ 16. Kh1 Be5 17. Ne7+ Kh8 18. Bxe5 Qxe5 19. Nxc8 Nb4 20. Nxa7 Ba6 21.
Qd2 Nd3 22. Rc3 Nc5 23. Rfc1 Nce4 24. Qd4 Nxf2+ 25. Kg1 Qg3 26. Qxb6 Re8 27.
Qxa6 Nh3+ 28. Kh1 Nf2+ 29. Kg1 Nh3+ 1/2-1/2

[Event "World Rapid 2019"]
[Site "Moscow RUS"]
[Date "2019.12.28"]
[Round "11.8"]
[White "Korobov, Anton"]
[Black "Anton Guijarro, David"]
[Result "1-0"]
[WhiteTitle "GM"]
[BlackTitle "GM"]
[WhiteElo "2668"]
[BlackElo "2685"]
[WhiteFideId "14105730"]
[BlackFideId "2285525"]
[EventDate "2019.12.26"]

1. d4 f5 2. g3 Nf6 3. Bg2 g6 4. Nf3 Bg7 5. O-O O-O 6. b3 d6 7. Bb2 Ne4 8. Nbd2
Nc6 9. Nc4 e6 10. e3 b5 11. Ncd2 Rb8 12. Rc1 b4 13. Qe2 Rb6 14. Rfd1 a5 15. Nxe4
fxe4 16. Nd2 d5 17. c4 bxc3 18. Bxc3 Ba6 19. Qe1 Nb4 20. Bxb4 axb4 21. f3 exf3
22. Nxf3 Qd6 23. Rc2 Bb5 24. Kh1 c6 25. e4 Rb7 26. e5 Qe7 27. Qe3 Ra7 28. Bf1
Qb7 29. Kg2 Rfa8 30. Bxb5 Qxb5 31. Rdd2 Rf8 32. Qd3 Qb6 33. Ng5 c5 34. Rxc5 Bh6
35. h4 Bxg5 36. hxg5 Raf7 37. Rcc2 Qd8 38. Qe3 Qa5 39. Rf2 Qa6 40. Rf6 Rc8 41.
Rcf2 Rxf6 42. gxf6 Rc7 43. Qf4 Kf7 44. Qh6 Kg8 45. Qd2 Qb5 46. Kh3 Kf7 47. Kh4
Qb6 48. g4 Qc6 49. Qh6 Kg8 50. f7+ Rxf7 51. Rxf7 Kxf7 52. Qxh7+ Kf8 53. Qxg6 Ke7
54. Qg7+ Ke8 55. Qf6 Kd7 56. Qf7+ Kc8 57. Qf8+ Kd7 58. Qxb4 Qc8 59. Qb5+ Kd8 60.
Qc5 1-0

[Event "World Rapid 2019"]
[Site "Moscow RUS"]
[Date "2019.12.28"]
[Round "11.10"]
[White "Grachev, Boris"]
[Black "Artemiev, Vladislav"]
[Result "1/2-1/2"]
[WhiteTitle "GM"]
[BlackTitle "GM"]
[WhiteElo "2614"]
[BlackElo "2731"]
[WhiteFideId "4129199"]
[BlackFideId "24101605"]
[EventDate "2019.12.26"]

1. Nf3 Nf6 2. c4 g6 3. Nc3 d5 4. cxd5 Nxd5 5. d3 Bg7 6. Bd2 O-O 7. g3 c5 8. Bg2
Nc6 9. Qc1 Bg4 10. h3 Bxf3 11. Bxf3 e6 12. Nxd5 exd5 13. Qxc5 Nd4 14. O-O Nxf3+
15. exf3 Bxb2 16. Rae1 b6 17. Qb5 Bd4 18. Bh6 Qd6 19. Kg2 Rfc8 20. Re2 Qc6 21.
Qxc6 Rxc6 22. Rfe1 Rcc8 23. Re7 Bg7 24. Bxg7 Kxg7 25. Rd7 Rd8 26. Rb7 Rdb8 27.
Rd7 Rd8 28. Rb7 1/2-1/2

[Event "World Rapid 2019"]
[Site "Moscow RUS"]
[Date "2019.12.28"]
[Round "11.12"]
[White "Dreev, Aleksey"]
[Black "Giri, Anish"]
[Result "1/2-1/2"]
[WhiteTitle "GM"]
[BlackTitle "GM"]
[WhiteElo "2677"]
[BlackElo "2769"]
[WhiteFideId "4100107"]
[BlackFideId "24116068"]
[EventDate "2019.12.26"]

1. d4 Nf6 2. c4 g6 3. Nc3 d5 4. Nf3 Bg7 5. Bf4 O-O 6. Rc1 c5 7. dxc5 dxc4 8.
Qxd8 Rxd8 9. e3 Nbd7 10. c6 Nb6 11. Bc7 Rf8 12. Bxb6 axb6 13. c7 Bd7 14. Ne5 Bc6
15. Bxc4 Rac8 16. O-O Ne8 17. Nxc6 bxc6 18. b4 Rxc7 19. Ne4 Nf6 1/2-1/2

[Event "World Rapid 2019"]
[Site "Moscow RUS"]
[Date "2019.12.28"]
[Round "11.13"]
[White "Rakhmanov, Aleksandr"]
[Black "Sargissian, Gabriel"]
[Result "1/2-1/2"]
[WhiteTitle "GM"]
[BlackTitle "GM"]
[WhiteElo "2645"]
[BlackElo "2689"]
[WhiteFideId "4173708"]
[BlackFideId "13300881"]
[EventDate "2019.12.26"]

1. d4 Nf6 2. c4 e6 3. Nc3 Bb4 4. e3 O-O 5. Bd2 d5 6. Nf3 b6 7. cxd5 exd5 8. Rc1
Bb7 9. Bd3 Be7 10. O-O c5 11. dxc5 bxc5 12. Re1 Nc6 13. Bb1 Rb8 14. e4 dxe4 15.
Nxe4 Nd4 16. Bc3 Nxe4 17. Bxe4 Bf6 18. Qd3 h6 19. Rcd1 Re8 20. Nd2 Bg5 21. Nc4
Bxe4 22. Rxe4 Qd5 23. Rde1 Rxe4 24. Rxe4 Bf6 25. h3 Qc6 26. b3 Rd8 27. Ba5 Rd5
28. Qe3 Ne6 29. Qe2 Qd7 30. Bd2 Rd4 31. Kh2 Qd5 32. f3 Bd8 33. Rxd4 cxd4 34. Qe4
Bc7+ 35. Kg1 Qd8 36. Kf1 Nc5 37. Qf5 Ne6 38. Qe4 Nc5 39. Qf5 Ne6 40. Qe4 1/2-1/2

[Event "World Rapid 2019"]
[Site "Moscow RUS"]
[Date "2019.12.28"]
[Round "11.14"]
[White "Motylev, Alexander"]
[Black "Adhiban, Baskaran"]
[Result "1-0"]
[WhiteTitle "GM"]
[BlackTitle "GM"]
[WhiteElo "2640"]
[BlackElo "2654"]
[WhiteFideId "4121830"]
[BlackFideId "5018471"]
[EventDate "2019.12.26"]

1. e4 c5 2. Nf3 Nc6 3. d4 cxd4 4. Nxd4 Nf6 5. Nc3 e5 6. Ndb5 d6 7. Bg5 a6 8. Na3
b5 9. Nd5 Be7 10. Bxf6 Bxf6 11. c3 Rb8 12. Nc2 Bg5 13. g3 O-O 14. h4 Bh6 15. Bg2
a5 16. a3 Ne7 17. Nce3 Bxe3 18. Nxe3 b4 19. axb4 axb4 20. c4 Nc6 21. O-O Be6 22.
b3 Nd4 23. Qd3 Ra8 24. Nc2 Nxc2 25. Qxc2 Qb6 26. Qd2 Ra3 27. Rab1 Rfa8 28. Rb2
h6 29. Kh2 Ra1 30. Rd1 Rxd1 31. Qxd1 Ra3 32. Rd2 Qa7 33. Qc2 Ra1 34. Qd3 Qa3 35.
Bf3 Rc1 36. Bd1 Qa7 37. Kg2 Qa8 38. f3 Qa7 39. Qxd6 Kh7 40. h5 Qe3 41. Qd3 Qg5
42. g4 Rc3 43. Qe2 Qf4 44. Rd3 Qc1 45. Qd2 Qb1 46. Rd8 Rc1 47. Kg3 Qa1 48. Kh3
Qb1 49. Qd6 Qb2 50. Qf8 Bxg4+ 51. Kg3 Bxh5 52. Qg8+ Kg6 53. Rd6+ f6 54. Rd7 Kg5
55. Rxg7+ Bg6 56. Rxg6+ Kh5 57. Rg4 1-0

[Event "World Rapid 2019"]
[Site "Moscow RUS"]
[Date "2019.12.28"]
[Round "11.15"]
[White "Jobava, Baadur"]
[Black "Smirin, Ilia"]
[Result "0-1"]
[WhiteTitle "GM"]
[BlackTitle "GM"]
[WhiteElo "2604"]
[BlackElo "2607"]
[WhiteFideId "13601520"]
[BlackFideId "2801990"]
[EventDate "2019.12.26"]

1. b3 e5 2. Bb2 Nc6 3. Nf3 e4 4. Nd4 Nf6 5. e3 Bc5 6. d3 O-O 7. dxe4 Nxe4 8. Bd3
d5 9. Nxc6 bxc6 10. Nd2 f5 11. O-O Qe7 12. Qe2 a5 13. c4 a4 14. cxd5 cxd5 15.
Rac1 axb3 16. axb3 Be6 17. Nf3 f4 18. exf4 Rxf4 19. Be5 Rff8 20. Bxe4 dxe4 21.
Qxe4 Bxb3 22. Qg4 Bb6 23. Qg3 Rac8 24. Rfe1 Qf7 25. Re4 Bd5 26. Rf4 Qd7 27. Rd1
Rxf4 28. Rxd5 Qf7 29. h3 Rf5 30. Qg4 h5 31. Qe4 Re8 32. Qd3 Rfxe5 33. Nxe5 Qxf2+
34. Kh2 Qf4+ 35. Kh1 Rxe5 36. Rd8+ Kf7 37. Qb1 Rf5 38. Rd1 Bc5 39. Qb3+ Kg6 40.
Qc2 Bd6 0-1

[Event "World Rapid 2019"]
[Site "Moscow RUS"]
[Date "2019.12.28"]
[Round "11.16"]
[White "Gelfand, Boris"]
[Black "Geller, Jakov"]
[Result "1/2-1/2"]
[WhiteTitle "GM"]
[BlackTitle "GM"]
[WhiteElo "2684"]
[BlackElo "2521"]
[WhiteFideId "2805677"]
[BlackFideId "4151984"]
[EventDate "2019.12.26"]

1. d4 d5 2. c4 e6 3. Nf3 Nf6 4. g3 dxc4 5. Bg2 c6 6. Ne5 c5 7. Be3 Nd5 8. Qa4+
Nd7 9. Bxd5 exd5 10. Nc3 Bd6 11. Nxd5 Bxe5 12. dxe5 O-O 13. Qxc4 Nb6 14. Nxb6
axb6 15. a3 Qe7 16. Qc3 Re8 17. Rd1 Bh3 18. f3 Qxe5 19. Qxe5 Rxe5 20. Bf4 Re7
21. Kf2 Be6 22. Rd6 b5 23. Rhd1 f6 24. e4 Kf7 25. g4 Ra4 26. Rb6 b4 27. axb4
Rxb4 28. Rxb4 cxb4 29. Rd6 Rc7 30. Kg3 Rc6 31. Rd4 Rc4 32. Rxc4 Bxc4 33. Bd2 b3
34. f4 g6 35. f5 Bd3 36. Kf4 Bc2 37. h4 Bd3 38. Bc3 Bc2 39. fxg6+ hxg6 40. h5
gxh5 41. gxh5 Bd1 42. h6 Kg6 43. h7 Kxh7 44. Kf5 Bc2 45. Bxf6 Kg8 1/2-1/2

[Event "World Rapid 2019"]
[Site "Moscow RUS"]
[Date "2019.12.28"]
[Round "11.17"]
[White "Ponkratov, Pavel"]
[Black "Tregubov, Pavel V."]
[Result "1-0"]
[WhiteTitle "GM"]
[BlackTitle "GM"]
[WhiteElo "2632"]
[BlackElo "2588"]
[WhiteFideId "4157800"]
[BlackFideId "4115341"]
[EventDate "2019.12.26"]

1. e4 e5 2. Nc3 Nf6 3. d4 exd4 4. Qxd4 Nc6 5. Qc4 Bb4 6. Bd2 d6 7. O-O-O O-O 8.
f3 a5 9. a3 Bc5 10. g4 Be6 11. Qe2 Re8 12. g5 Nd7 13. h4 f5 14. gxf6 Nxf6 15.
Nh3 Kh8 16. Nf4 Bf7 17. Qg2 Nh5 18. Nfd5 Ne5 19. Bg5 Qd7 20. f4 Ng4 21. Qh3 Be6
22. f5 Bxd5 23. Qxg4 Bf7 24. Be2 c6 25. Qf3 b5 26. f6 g6 27. Qg2 Qe6 28. Bg4 Qe5
29. Bxh5 gxh5 30. Rhf1 Rg8 31. Rf5 Qe6 32. Qf3 b4 33. Na4 bxa3 34. b3 Ba7 35.
Kb1 Rab8 36. Rxa5 Rb7 37. Ka2 Rg6 38. Qf5 h6 39. Qxe6 Bxe6 40. Rxd6 Bf7 41. Bd2
Bb8 42. Rd8+ Kh7 43. e5 Rg2 44. Nc5 Ra7 45. Rxa7 Bxa7 46. e6 Bxc5 47. exf7 Rf2
48. b4 1-0

[Event "World Rapid 2019"]
[Site "Moscow RUS"]
[Date "2019.12.28"]
[Round "11.18"]
[White "Fedoseev, Vladimir3"]
[Black "Ismagambetov, Anuar"]
[Result "1-0"]
[WhiteTitle "GM"]
[BlackTitle "GM"]
[WhiteElo "2677"]
[BlackElo "2528"]
[WhiteFideId "24130737"]
[BlackFideId "13701525"]
[EventDate "2019.12.26"]

1. d4 Nf6 2. c4 g6 3. Nc3 Bg7 4. e4 d6 5. Be2 O-O 6. Be3 c5 7. d5 e6 8. Nf3 exd5
9. cxd5 Bg4 10. Nd2 Bxe2 11. Qxe2 Qe7 12. O-O Nbd7 13. a4 a6 14. a5 Ne8 15. Nc4
Nc7 16. Bf4 Ne5 17. Bxe5 Bxe5 18. Nxe5 Qxe5 19. f4 Qd4+ 20. Kh1 Rfe8 21. Ra4 Qg7
22. Qc4 Rab8 23. e5 dxe5 24. Qxc5 Rec8 25. Rc4 Qf8 26. fxe5 Nb5 27. Qxf8+ Kxf8
28. Rcf4 f5 29. g4 Rc5 30. gxf5 g5 31. Ne4 Rxd5 32. Nxg5 Rxe5 33. Nxh7+ Kf7 34.
Ng5+ Kf6 35. Ne4+ Kf7 36. Rh4 Rg8 37. f6 Ke6 38. b4 Rf5 39. Rhf4 Rxf4 40. Rxf4
Ke5 41. Rh4 Nd4 42. f7 Rf8 43. Ng5 Nc6 44. Re4+ Kf5 45. Re8 1-0